[Event "WY Girls-U14"]
[Site "Porto Carras GRE"]
[Date "2010.10.20"]
[Round "1.1"]
[White "Rykala, Monika"]
[Black "Saduakassova, Dinara"]
[Result "0-1"]
[BlackTitle "WFM"]
[WhiteElo "1767"]
[BlackElo "2142"]
[WhiteFideId "1125249"]
[BlackFideId "13700090"]
[EventDate "2010.10.20"]

1. d4 Nf6 2. c4 e6 3. Nc3 Bb4 4. Bg5 h6 5. Bh4 c5 6. e3 g5 7. Bg3 Ne4 8. Rc1 d6
9. Bd3 Bxc3+ 10. bxc3 Nxg3 11. hxg3 Nd7 12. Qa4 Kf8 13. Nf3 Kg7 14. Qb3 b6 15.
d5 Nf6 16. Nd2 Qe7 17. O-O Rb8 18. e4 e5 19. Rb1 Bd7 20. Rb2 h5 21. f3 g4 22. f4
h4 23. gxh4 Rxh4 24. f5 Rbh8 25. Kf2 Nh5 26. Ke1 Nf4 27. Kd1 Qf6 28. g3 Nxd3 29.
gxh4 Ba4 0-1

[Event "WY Girls-U14"]
[Site "Porto Carras GRE"]
[Date "2010.10.20"]
[Round "1.2"]
[White "Rodriguez Rueda, Paula Andrea"]
[Black "Balzano, Filli"]
[Result "1-0"]
[WhiteTitle "WFM"]
[WhiteElo "2099"]
[BlackElo "1765"]
[WhiteFideId "4404564"]
[BlackFideId "800830"]
[EventDate "2010.10.20"]

1. d4 d5 2. c4 c6 3. e3 Nf6 4. Nf3 Bf5 5. Nc3 e6 6. Be2 Be7 7. O-O Nbd7 8. Nh4
Bg6 9. f3 Qc7 10. f4 Be4 11. Nf3 O-O 12. Ne5 dxc4 13. Bxc4 Nb6 14. Bb3 Nbd5 15.
Nxe4 Nxe4 16. f5 exf5 17. Rxf5 Nd6 18. Rf1 Nf6 19. Qf3 c5 20. Kh1 c4 21. Bc2 c3
22. Bb3 cxb2 23. Bxb2 b6 24. Rac1 Qd8 25. Ba3 Rc8 26. Qf4 Rxc1 27. Rxc1 Qb8 28.
Nc6 Nh5 1-0

[Event "WY Girls-U14"]
[Site "Porto Carras GRE"]
[Date "2010.10.20"]
[Round "1.3"]
[White "Giblon, Rebecca"]
[Black "Bivol, Alina"]
[Result "0-1"]
[WhiteElo "1763"]
[BlackElo "2076"]
[WhiteFideId "2608324"]
[BlackFideId "4100123"]
[EventDate "2010.10.20"]

1. e4 e6 2. d4 d5 3. Nd2 c5 4. exd5 exd5 5. dxc5 Bxc5 6. Nb3 Bb6 7. Nf3 Nf6 8.
Bg5 Bxf2+ 9. Ke2 Qb6 10. Qd3 Ne4 11. Qxd5 Nxg5 12. Qxg5 O-O 13. Rd1 Re8+ 14. Kd3
h6 15. Qf4 g5 16. Qa4 Bd7 17. Qa3 Qe3+ 18. Kc4 b5+ 19. Kb4 a5+ 20. Nxa5 Na6# 0-1

[Event "WY Girls-U14"]
[Site "Porto Carras GRE"]
[Date "2010.10.20"]
[Round "1.4"]
[White "Khademalsharieh, Sarasadat"]
[Black "Yanjinlkham, Bayarsaikhan"]
[Result "1-0"]
[WhiteTitle "WFM"]
[WhiteElo "2075"]
[BlackElo "1761"]
[WhiteFideId "12512214"]
[BlackFideId "4901452"]
[EventDate "2010.10.20"]

1. d4 Nf6 2. Nf3 g6 3. c4 d5 4. cxd5 Nxd5 5. g3 Bg7 6. Bg2 O-O 7. O-O Na6 8. e4
Nb6 9. Nc3 c5 10. d5 e6 11. Bg5 f6 12. Be3 exd5 13. exd5 Nc4 14. Bc1 Bd7 15. Nd2
Nxd2 16. Bxd2 Qc8 17. d6 Kh8 18. Nd5 Bh3 19. Bxh3 Qxh3 20. Re1 Rfe8 21. Bc3 Qf5
22. Qb3 Rxe1+ 23. Rxe1 b6 24. Re7 h5 25. Ne3 Qb1+ 26. Kg2 Rf8 27. d7 Nb4 28. Re8
Qd3 29. Rxf8+ Bxf8 30. Bxf6+ Bg7 1-0

[Event "WY Girls-U14"]
[Site "Porto Carras GRE"]
[Date "2010.10.20"]
[Round "1.5"]
[White "Koloditsova, Renata"]
[Black "Nandhidhaa, PV"]
[Result "0-1"]
[WhiteElo "1759"]
[BlackElo "2060"]
[WhiteFideId "14927705"]
[BlackFideId "5050847"]
[EventDate "2010.10.20"]

1. d4 d5 2. Nf3 Nf6 3. Bf4 c5 4. e3 Nc6 5. c3 Qb6 6. Qb3 c4 7. Qxb6 axb6 8. Nbd2
b5 9. Ne5 Bf5 10. Be2 e6 11. O-O b4 12. f3 Nxe5 13. Bxe5 b5 14. e4 Bg6 15. Bxf6
gxf6 16. exd5 exd5 17. Rfe1 Kd7 18. f4 Kc6 19. Nf1 Bd6 20. g3 bxc3 21. bxc3 Ra3
22. Rec1 Rha8 23. Bf3 Rxa2 24. Rxa2 Rxa2 25. Ne3 Be4 26. Bxe4 dxe4 27. Rc2 Rxc2
28. Nxc2 b4 29. cxb4 Kb5 30. d5 c3 31. Kf2 Kc4 32. Ke2 Kxd5 33. Ke3 f5 34. h3 h5
35. Nd4 Bxb4 36. Nxf5 c2 0-1

[Event "WY Girls-U14"]
[Site "Porto Carras GRE"]
[Date "2010.10.20"]
[Round "1.6"]
[White "Osmanodja, Filiz"]
[Black "Rostamian, Saba"]
[Result "1-0"]
[WhiteTitle "WFM"]
[WhiteElo "2059"]
[BlackElo "1755"]
[WhiteFideId "24633569"]
[BlackFideId "12537039"]
[EventDate "2010.10.20"]

1. e4 e5 2. Nf3 Nc6 3. Bb5 a6 4. Ba4 Nf6 5. O-O Be7 6. Re1 b5 7. Bb3 d6 8. c3
Na5 9. Bc2 c5 10. h3 O-O 11. d4 Qc7 12. Nbd2 Re8 13. Nf1 Bf8 14. Ng3 g6 15. b3
Bd7 16. d5 c4 17. b4 Nb7 18. Be3 a5 19. a3 Kh8 20. Nh2 Ng8 21. f4 exf4 22. Bxf4
Bh6 23. Bxh6 Nxh6 24. Qd4+ Kg8 25. Qd2 Kg7 26. Nh5+ gxh5 27. Qg5+ Kh8 28. Qf6+
Kg8 29. Qxh6 Qb6+ 30. Kh1 Qf2 31. Qg5+ Kh8 32. Rf1 Qxc2 33. Qf6+ Kg8 34. Qxf7+
Kh8 35. Qf6+ Kg8 36. Qf7+ Kh8 37. Qxd7 1-0

[Event "WY Girls-U14"]
[Site "Porto Carras GRE"]
[Date "2010.10.20"]
[Round "1.7"]
[White "Nouman, Amna"]
[Black "Tantsiura, Marja"]
[Result "0-1"]
[WhiteTitle "WFM"]
[WhiteElo "1752"]
[BlackElo "2030"]
[WhiteFideId "9301500"]
[BlackFideId "14124327"]
[EventDate "2010.10.20"]

1. e4 g6 2. d4 Bg7 3. Be3 d6 4. Bd3 Nf6 5. h3 O-O 6. Nf3 Nbd7 7. O-O e5 8. c3 a6
9. a4 b6 10. Nbd2 Bb7 11. Qc2 c5 12. dxe5 dxe5 13. Nc4 Qc7 14. Bd2 b5 15. Na3 c4
16. Be2 Bxe4 17. Qd1 Rab8 18. axb5 axb5 19. b3 Bd3 20. b4 Nd5 21. Bxd3 cxd3 22.
Qb3 Qb7 23. Rae1 Ra8 24. c4 Rxa3 25. Qxa3 bxc4 26. Re4 Ra8 27. Qc1 c3 28. Bxc3
Rc8 29. Qb2 Nxc3 30. Ree1 e4 31. Qd2 exf3 0-1

[Event "WY Girls-U14"]
[Site "Porto Carras GRE"]
[Date "2010.10.20"]
[Round "1.8"]
[White "Nicolas Zapata, Irene"]
[Black "Nikolovska, Dragana"]
[Result "1-0"]
[WhiteElo "2027"]
[BlackElo "1752"]
[WhiteFideId "22247270"]
[BlackFideId "15000133"]
[EventDate "2010.10.20"]

1. d4 Nf6 2. c4 c5 3. d5 b5 4. cxb5 a6 5. bxa6 Bxa6 6. Nc3 g6 7. Nf3 Bg7 8. g3
d6 9. Bg2 O-O 10. O-O Nbd7 11. Rb1 Nb6 12. h3 Bc4 13. Bg5 Nfxd5 14. Nxd5 Bxd5
15. a3 Be4 16. Nd2 Bxg2 17. Kxg2 h6 18. Be3 Na4 19. Qc2 Qb6 20. Kh2 d5 21. Rfc1
d4 22. Nc4 Qf6 23. Bf4 g5 24. Bc7 Rfc8 25. Be5 Qxf2+ 26. Kh1 Bxe5 27. Nxe5 Qf6
28. Ng4 Qe6 29. Rf1 h5 30. Nf2 c4 31. Rbd1 Qd5+ 32. Kh2 Rcb8 33. Rb1 Rb3 34. Nd1
Qe5 35. e3 h4 36. Qxc4 Qxg3+ 37. Kh1 Qxh3+ 38. Kg1 Qg3+ 39. Kh1 Qh3+ 40. Kg1 1-0

[Event "WY Girls-U14"]
[Site "Porto Carras GRE"]
[Date "2010.10.20"]
[Round "1.9"]
[White "Shakhmurzova, Fatima"]
[Black "Styazhkina, Anna"]
[Result "0-1"]
[BlackTitle "WFM"]
[WhiteElo "1747"]
[BlackElo "1974"]
[WhiteFideId "24102628"]
[BlackFideId "24119300"]
[EventDate "2010.10.20"]

1. e4 d5 2. exd5 Qxd5 3. Nc3 Qd6 4. Nf3 Nf6 5. Be2 a6 6. d3 Nc6 7. h3 Bf5 8. Be3
O-O-O 9. Qd2 e5 10. O-O h6 11. a3 g5 12. b4 Nd4 13. Na4 Nxe2+ 14. Qxe2 g4 15.
hxg4 Bxg4 16. Nb2 Rg8 17. c4 Qc6 18. Kh1 e4 19. dxe4 Nxe4 20. Bf4 Qg6 21. Rad1
Qh5+ 22. Bh2 Bd6 23. Rxd6 Nxd6 24. Qe3 Rge8 25. Qf4 Re4 26. Qg3 Bxf3 27. gxf3
Rh4 28. c5 Rh3 29. Qg4+ Qxg4 30. fxg4 Ne4 31. Nc4 Nd2 32. Nxd2 Rxd2 33. a4 Rh4
34. Kg2 Rxg4+ 35. Kf3 Rxb4 36. Bf4 Rd3+ 37. Ke2 Rh3 38. Be3 Rxa4 39. Rg1 Ra2+
40. Kd3 Rxf2 41. Kd4 Rxe3 42. Kxe3 Rf5 43. Kd4 Kd7 44. Rh1 h5 45. Rc1 Kc6 46.
Re1 Rxc5 47. Re7 Rf5 48. Ke4 Rf1 49. Kd3 h4 50. Ke2 Rf5 51. Re4 Rh5 52. Rf4 h3
53. Rf1 h2 54. Rh1 a5 0-1

[Event "WY Girls-U14"]
[Site "Porto Carras GRE"]
[Date "2010.10.20"]
[Round "1.10"]
[White "Fataliyeva, Ulviyya Hasil qizi"]
[Black "Spiegelberg, Silvia"]
[Result "1/2-1/2"]
[WhiteTitle "WCM"]
[WhiteElo "1959"]
[BlackElo "1733"]
[WhiteFideId "13403052"]
[BlackFideId "24654450"]
[EventDate "2010.10.20"]

1. e4 e5 2. Nf3 Nc6 3. Nc3 Nf6 4. d4 exd4 5. Nxd4 Bb4 6. Nxc6 bxc6 7. Bd3 d5 8.
exd5 cxd5 9. O-O O-O 10. Bg5 c6 11. Qf3 Be7 12. h3 Re8 13. Rae1 Be6 14. Ne2 Qc7
15. Nf4 Bd8 16. Re2 Rb8 17. Nxe6 fxe6 18. Bf4 e5 19. Rfe1 exf4 20. Rxe8+ Nxe8
21. Rxe8+ Kf7 22. Re2 g6 23. c4 d4 24. c5 Be7 25. Rc2 Kg7 26. Be4 Rd8 27. Qd3
Bf6 28. Rc4 Re8 29. Ra4 Re6 30. f3 Qd7 31. Qa3 Qd8 32. Rxa7+ Be7 33. b4 Kh6 34.
Qb3 d3 35. Qxd3 Qxd3 36. Bxd3 Re1+ 37. Bf1 Bf6 38. Rd7 Bc3 39. a3 Ra1 40. Rd3
Rxa3 41. b5 Bb4 42. Rxa3 Bxc5+ 43. Kh2 Bxa3 44. bxc6 Bd6 45. Bc4 Kg7 46. h4 Kf6
47. Kh3 h5 48. Ba6 Bc7 49. Bc8 Bd6 50. Bd7 Ke7 51. Kh2 Bc7 52. Kg1 Kf6 53. Be8
g5 54. hxg5+ Kxg5 55. Kf2 h4 56. Ke2 Kf5 57. Kd3 Ke5 58. Kc4 Kd6 59. Kd4 Ke6 60.
Kc5 Ke5 61. Bf7 Bd8 62. Kb5 Kd6 63. Be8 Ke7 64. Bd7 Kd6 65. Kc4 Ke5 66. Kd3 Bc7
67. Ke2 Kf6 68. Kd2 Bd8 69. Kc3 Ke5 70. Kb4 Kd6 71. Kb5 Bc7 72. Ka6 Bd8 1/2-1/2

[Event "WY Girls-U14"]
[Site "Porto Carras GRE"]
[Date "2010.10.20"]
[Round "1.11"]
[White "Wang, Maria"]
[Black "Zarkovic, Mila"]
[Result "1-0"]
[WhiteElo "1732"]
[BlackElo "1953"]
[WhiteFideId "412830"]
[BlackFideId "900451"]
[EventDate "2010.10.20"]

1. e4 c5 2. Nf3 d6 3. d4 cxd4 4. Nxd4 Nf6 5. Nc3 e6 6. Be3 Be7 7. Be2 O-O 8. O-O
a6 9. a4 Qc7 10. f4 Nc6 11. Kh1 Nxd4 12. Qxd4 e5 13. Qd2 Bd7 14. f5 Bc6 15. Bf3
b5 16. axb5 axb5 17. Qd3 Qb7 18. Rxa8 Rxa8 19. Kg1 b4 20. Nd5 Bxd5 21. exd5 Ra2
22. Qb3 Ra8 23. Qc4 Rc8 24. Qd3 Qc7 25. Rc1 Qc4 26. Qd2 e4 27. Be2 Qxd5 28. Qxb4
Qxf5 29. Rf1 Qe6 30. c3 d5 31. Qb7 Bd6 32. Ba7 Re8 33. Qb5 Qe5 34. g3 Qe7 35.
Bd4 Be5 36. Bc5 Qd7 37. Rxf6 Qxb5 38. Bxb5 Rb8 39. Rb6 1-0

[Event "WY Girls-U14"]
[Site "Porto Carras GRE"]
[Date "2010.10.20"]
[Round "1.12"]
[White "Belova, Olga"]
[Black "Oliveira, Maria Ines"]
[Result "1/2-1/2"]
[WhiteElo "1946"]
[BlackElo "1728"]
[WhiteFideId "4138422"]
[BlackFideId "1909436"]
[EventDate "2010.10.20"]

1. e4 c5 2. Nf3 e6 3. Nc3 Nc6 4. d4 cxd4 5. Nxd4 Qc7 6. Be3 a6 7. Be2 Nf6 8. O-O
Bb4 9. Bf3 Ne5 10. Bf4 d6 11. Nce2 b5 12. c3 Bc5 13. Ng3 O-O 14. Bg5 Nfd7 15.
Be2 Bb7 16. Kh1 h6 17. Bc1 Nf6 18. f4 Nc4 19. b3 Nb6 20. Bd3 Nbd7 21. Be3 e5 22.
fxe5 dxe5 23. Ndf5 Bxe3 24. Nxe3 Qxc3 25. Rc1 Qa5 26. Nef5 Qb6 27. Nh5 Nxh5 28.
Qxh5 Kh7 29. Nxh6 Qxh6 30. Qf5+ Qg6 31. Qxd7 Bxe4 32. Bxe4 Qxe4 33. Rce1 Qd4 34.
Qf5+ g6 35. Qf6 Qd8 36. Qxe5 Qd2 37. Re3 f6 38. Qc7+ Kg8 39. Re7 Qh6 40. Rc1
Rfe8 41. Rd7 Ra7 42. Qc8 Qxc1+ 43. Qxc1 Rxd7 44. h3 Rd6 45. Qh6 f5 46. Qf4 1/2-1/2

[Event "WY Girls-U14"]
[Site "Porto Carras GRE"]
[Date "2010.10.20"]
[Round "1.13"]
[White "Hansen, Erle Andrea Marki"]
[Black "Hakimifard, Raana"]
[Result "0-1"]
[WhiteElo "1727"]
[BlackElo "1930"]
[WhiteFideId "1508229"]
[BlackFideId "12510572"]
[EventDate "2010.10.20"]

1. d4 Nf6 2. Nf3 g6 3. g3 Bg7 4. Bg2 d6 5. O-O O-O 6. c4 c6 7. b3 c5 8. Bb2 Nbd7
9. Nbd2 Qc7 10. e4 Rb8 11. Re1 a6 12. d5 b5 13. Qc2 Bb7 14. Rab1 Rfe8 15. e5
dxe5 16. Nxe5 Nxd5 17. Bxd5 Bxe5 18. Bxb7 Rxb7 19. Bxe5 Nxe5 20. Qe4 Nd7 21. Qh4
Nf6 22. Ne4 Nxe4 23. Rxe4 e5 24. Rbe1 f5 25. R4e2 Kg7 26. Rd1 e4 27. cxb5 axb5
28. f3 Qe5 29. fxe4 fxe4 30. Qg4 Rbe7 31. Rc2 Rf8 32. Qe2 e3 33. Re1 Qe4 34. Qd1
Ref7 35. Qa1+ Kg8 36. Rg2 Rf2 0-1

[Event "WY Girls-U14"]
[Site "Porto Carras GRE"]
[Date "2010.10.20"]
[Round "1.14"]
[White "Pachon, Adriana"]
[Black "Dall`orsoletta, Alaize"]
[Result "1/2-1/2"]
[WhiteTitle "WFM"]
[WhiteElo "1923"]
[BlackElo "1719"]
[WhiteFideId "4400690"]
[BlackFideId "2133377"]
[EventDate "2010.10.20"]

1. e4 c5 2. c3 d5 3. exd5 Qxd5 4. d4 Nf6 5. Nf3 e6 6. Be2 b6 7. Be3 cxd4 8. cxd4
Bb4+ 9. Nc3 O-O 10. O-O Bxc3 11. bxc3 Ba6 12. Ne5 Bxe2 13. Qxe2 Nbd7 14. c4 Qd6
15. f4 Rac8 16. Rfd1 Qe7 17. Rac1 Rc7 18. Bf2 Rfc8 19. Bh4 Qf8 20. Nxd7 Nxd7 21.
Rc3 Qb4 22. Rdc1 Qd6 23. Qe3 Rc6 24. Bg3 Qb4 25. Be1 Qf8 26. Bh4 Qb4 27. Qd3 Qd6
28. Bg3 Qf8 29. f5 exf5 30. Qxf5 Nf6 31. d5 Rc5 32. Be5 Qd8 33. h3 Kh8 34. Bxf6
Qxf6 35. Qxf6 gxf6 36. d6 Rd8 37. Rd1 Rd7 38. Kf2 Rc6 39. Rcd3 Rxc4 40. Kf3 Kg7
41. Rd4 Rxd4 42. Rxd4 f5 43. Ke3 Kf6 44. Rh4 Kg6 45. Rd4 Kf6 46. Rh4 Rxd6 47.
Rxh7 Rd5 48. Rh4 Ra5 49. a4 Kg5 50. Rb4 Re5+ 51. Kf3 Rd5 52. h4+ Kh5 53. g3 Rc5
54. Kf4 Rd5 55. Rb5 Rd4+ 56. Kxf5 Rxa4 57. Kf6+ Kh6 58. Kxf7 Rg4 59. Rb3 b5 60.
Kf6 a6 61. Kf5 Rg6 62. g4 Rb6 63. Rd3 b4 64. Rd8 b3 65. g5+ Kg7 66. Rd7+ Kg8 67.
Rd8+ Kg7 68. Rd7+ Kg8 69. Rd8+ Kg7 70. h5 b2 71. h6+ Kf7 72. g6+ Rxg6 73. Rd7+
Ke8 74. Rb7 Rxh6 75. Rxb2 Rc6 76. Ke5 Kd7 77. Kd5 Kc7 78. Ra2 Rb6 79. Kc5 Rb5+
80. Kc4 Kb6 81. Kc3 a5 82. Rb2 a4 83. Rxb5+ Kxb5 84. Kb2 1/2-1/2

[Event "WY Girls-U14"]
[Site "Porto Carras GRE"]
[Date "2010.10.21"]
[Round "2.1"]
[White "Saduakassova, Dinara"]
[Black "Kalaydina, Regina Veronicka"]
[Result "1-0"]
[WhiteTitle "WFM"]
[WhiteElo "2142"]
[BlackElo "1839"]
[WhiteFideId "13700090"]
[BlackFideId "2600129"]
[EventDate "2010.10.20"]

1. d4 d5 2. Nf3 Nf6 3. c4 c6 4. e3 e6 5. b3 Nbd7 6. Bd3 Ne4 7. O-O f5 8. Ba3
Bxa3 9. Nxa3 O-O 10. Nc2 Ndf6 11. Ne5 Bd7 12. Ne1 Be8 13. f3 Nd6 14. Bc2 Nf7 15.
Nxf7 Bxf7 16. Nd3 Nd7 17. Qe1 Qf6 18. Qg3 Rac8 19. c5 Bg6 20. f4 Qe7 21. Qe1 Kh8
22. a4 Bh5 23. h3 Rg8 24. h4 h6 25. Bd1 Qf7 26. Qg3 Bxd1 27. Raxd1 Qh5 28. Qh3
Rc7 29. Ne5 Nxe5 30. fxe5 g5 31. hxg5 Qxh3 32. gxh3 hxg5 33. Kf2 Rh7 34. Rh1 Rh4
35. Rdg1 Kh7 36. b4 Kh6 37. b5 Rg7 38. bxc6 bxc6 39. Rb1 Kg6 40. Rb8 Rhh7 41.
Kg3 Rb7 42. Rb1 Rxb1 43. Rxb1 f4+ 44. exf4 gxf4+ 45. Kg4 f3 46. Rf1 Rb7 47. Rxf3
Rb4 48. Rf6+ Kg7 49. Rxe6 Rxd4+ 50. Kf5 Rxa4 51. Rxc6 d4 52. Rc7+ Kf8 53. Kf6
Ke8 54. e6 Kd8 55. Rd7+ Kc8 56. Ke5 d3 57. Rxd3 Rh4 58. e7 Rh8 59. Kd5 1-0

[Event "WY Girls-U14"]
[Site "Porto Carras GRE"]
[Date "2010.10.21"]
[Round "2.2"]
[White "Patel, Yesim"]
[Black "Rodriguez Rueda, Paula Andrea"]
[Result "1-0"]
[BlackTitle "WFM"]
[WhiteElo "1820"]
[BlackElo "2099"]
[WhiteFideId "6300200"]
[BlackFideId "4404564"]
[EventDate "2010.10.20"]

1. e4 c5 2. Nf3 Nc6 3. d4 cxd4 4. Nxd4 Nf6 5. Nc3 d6 6. Bg5 e6 7. Qd2 a6 8.
O-O-O Bd7 9. f3 h6 10. Be3 Rc8 11. g4 b5 12. Kb1 Ne5 13. Bd3 b4 14. Nce2 a5 15.
h4 d5 16. exd5 Nxd5 17. Nf4 Nb6 18. Ndxe6 Bxe6 19. Nxe6 fxe6 20. Bb5+ Nbd7 21.
Bb6 Qe7 22. Rhe1 Nc6 23. Bxa5 Nc5 24. Bxb4 Kf7 25. Bxc5 Qxc5 26. Qf4+ Kg8 27.
Bc4 Nd8 28. Bb3 Be7 29. Rxe6 Nxe6 30. Bxe6+ Kh7 31. Qe4+ g6 32. h5 Rcg8 33.
hxg6+ Rxg6 34. Bf7 1-0

[Event "WY Girls-U14"]
[Site "Porto Carras GRE"]
[Date "2010.10.21"]
[Round "2.3"]
[White "Bivol, Alina"]
[Black "Vanagaite, Giedre"]
[Result "1-0"]
[WhiteElo "2076"]
[BlackElo "1833"]
[WhiteFideId "4100123"]
[BlackFideId "12800546"]
[EventDate "2010.10.20"]

1. Nf3 d5 2. c4 c6 3. d4 Nf6 4. g3 e6 5. Bg2 Nbd7 6. O-O Be7 7. Nc3 O-O 8. Nd2
Re8 9. e4 Nxe4 10. Ndxe4 dxe4 11. Nxe4 e5 12. d5 cxd5 13. cxd5 f5 14. Nc3 Nf6
15. Qb3 Kh8 16. Rd1 Bc5 17. Qc4 Qd6 18. b4 Bb6 19. Nb5 Qd8 20. Bg5 a6 21. Bxf6
gxf6 22. Nc3 Qd6 23. Rac1 Bd7 24. Qh4 Rg8 25. Bh3 Rac8 26. Ne4 fxe4 27. Bxd7
Rxc1 28. Rxc1 e3 29. Be6 exf2+ 30. Kg2 Rf8 31. Rc4 Qe7 32. Rg4 Qe8 33. Qh6 Qe7
34. d6 Be3 35. dxe7 1-0

[Event "WY Girls-U14"]
[Site "Porto Carras GRE"]
[Date "2010.10.21"]
[Round "2.4"]
[White "Gaboyan, Susanna"]
[Black "Khademalsharieh, Sarasadat"]
[Result "1/2-1/2"]
[BlackTitle "WFM"]
[WhiteElo "1806"]
[BlackElo "2075"]
[WhiteFideId "13303627"]
[BlackFideId "12512214"]
[EventDate "2010.10.20"]

1. d4 Nf6 2. Nf3 e6 3. e3 c5 4. c4 cxd4 5. Nxd4 Be7 6. Nc3 O-O 7. Be2 Nc6 8. O-O
a6 9. e4 Qc7 10. Be3 d6 11. Rc1 Bd7 12. Nd5 Qd8 13. Nxe7+ Qxe7 14. f3 Rfe8 15.
Bg5 d5 16. Nxc6 Bxc6 17. e5 Qc5+ 18. Kh1 d4 19. exf6 Qxg5 20. Qxd4 e5 21. Qc3
Qxf6 22. Rcd1 h5 23. Bd3 Rad8 24. Be4 Bxe4 25. fxe4 Rd4 26. Kg1 Qd6 27. c5 Qd7
28. Rxd4 Qxd4+ 29. Qxd4 exd4 30. Rf4 a5 31. Rf5 Rxe4 32. Rxh5 Re2 33. Rd5 Rxb2
34. Rd8+ Kh7 35. Rxd4 Rxa2 36. Rc4 Rb2 37. c6 bxc6 38. Rxc6 a4 39. Ra6 Ra2 40.
h3 f5 41. h4 g6 42. Kh2 Kh6 43. Ra8 Kh5 44. Kh3 Ra3+ 45. g3 Kh6 46. Kg2 Kg7 47.
Ra6 Ra1 48. Kf2 a3 49. Kg2 Kf7 50. Kh2 Kg7 51. Kg2 Kh6 52. Ra8 Kh5 53. Kh3 g5
54. hxg5 Kxg5 55. Kg2 Kf6 56. Ra5 Kg6 57. Kh2 Kg5 58. Ra4 1/2-1/2

[Event "WY Girls-U14"]
[Site "Porto Carras GRE"]
[Date "2010.10.21"]
[Round "2.5"]
[White "Nandhidhaa, PV"]
[Black "Srija, Seshadri"]
[Result "1-0"]
[BlackTitle "WFM"]
[WhiteElo "2060"]
[BlackElo "1832"]
[WhiteFideId "5050847"]
[BlackFideId "5055903"]
[EventDate "2010.10.20"]

1. e4 e5 2. Nf3 Nc6 3. Nc3 Nf6 4. Bb5 Bb4 5. O-O O-O 6. d3 d6 7. Bg5 Bxc3 8.
bxc3 Qe7 9. Re1 Nd8 10. d4 Ne6 11. Bd2 c6 12. Bd3 Nd7 13. Rb1 Qf6 14. Be3 Rd8
15. g3 h6 16. Bf1 Ndf8 17. Nh4 Ng5 18. Bg2 b6 19. Nf5 Bxf5 20. exf5 Qxf5 21.
Bxc6 Rac8 22. Bg2 Rxc3 23. dxe5 Rxc2 24. h4 Nge6 25. g4 Qh7 26. Bxb6 axb6 27.
Be4 g6 28. Qxc2 dxe5 29. Rxb6 Nd4 30. Qc7 Re8 31. a4 Qg7 32. Bg2 Nde6 33. Qxe5
Qxe5 34. Rxe5 Nd7 35. Bc6 Nxb6 36. Bxe8 Nc4 37. Rb5 Kf8 38. Bd7 Nd4 39. Rb4 Nf3+
40. Kh1 Nfe5 41. f4 Nxd7 42. Rxc4 Ke7 43. a5 Kd8 44. a6 Nb6 45. a7 Na8 46. Rb4
Kc7 47. Rb8 f6 1-0

[Event "WY Girls-U14"]
[Site "Porto Carras GRE"]
[Date "2010.10.21"]
[Round "2.6"]
[White "Papathanasiou, Elisavet"]
[Black "Osmanodja, Filiz"]
[Result "0-1"]
[BlackTitle "WFM"]
[WhiteElo "1792"]
[BlackElo "2059"]
[WhiteFideId "4222687"]
[BlackFideId "24633569"]
[EventDate "2010.10.20"]

1. d4 d5 2. Nf3 Nf6 3. Bf4 c5 4. e3 Nc6 5. c3 Qb6 6. Qc1 Bf5 7. Nbd2 h6 8. dxc5
Qxc5 9. Bc7 e6 10. Nb3 Qe7 11. Bg3 e5 12. Bb5 Nd7 13. Qd1 Qe6 14. O-O a6 15. Be2
Be7 16. Qd2 O-O 17. Rfd1 Nb6 18. a4 d4 19. Nc1 d3 20. Nxd3 Bxd3 21. Bxd3 e4 22.
Bc7 Nc8 23. Bc2 exf3 24. Qd3 g6 25. gxf3 Bf6 26. Ra3 N8e7 27. Bb3 Qf5 28. e4 Qh5
29. f4 Rac8 30. Qd6 Qg4+ 31. Kf1 Qh3+ 32. Kg1 Bh4 33. Rd3 Qg4+ 34. Kf1 Rce8 35.
h3 Qc8 36. Ra1 Rd8 37. Bxd8 Rxd8 38. Qxd8+ Nxd8 39. Rad1 Nec6 40. Rd7 Nb8 41.
R7d3 Nbc6 42. Rd7 Qb8 43. R1d6 Kf8 44. f5 Ne5 0-1

[Event "WY Girls-U14"]
[Site "Porto Carras GRE"]
[Date "2010.10.21"]
[Round "2.7"]
[White "Tantsiura, Marja"]
[Black "Nur, Nabila Azman Hisham"]
[Result "1-0"]
[BlackTitle "WCM"]
[WhiteElo "2030"]
[BlackElo "1829"]
[WhiteFideId "14124327"]
[BlackFideId "5702135"]
[EventDate "2010.10.20"]

1. e4 c5 2. Nf3 e6 3. d4 cxd4 4. Nxd4 a6 5. Bd3 Qc7 6. O-O Nf6 7. Qe2 d6 8. Nc3
g6 9. Kh1 Bg7 10. f4 O-O 11. Bd2 Nbd7 12. Nb3 Nc5 13. Qf3 Nxd3 14. cxd3 Bd7 15.
Rac1 Bc6 16. d4 Qd8 17. Rfe1 Rc8 18. Qh3 b5 19. e5 dxe5 20. fxe5 Nd5 21. Ne4 b4
22. Nbc5 Qb6 23. Bh6 Rfd8 24. Rf1 Bh8 25. Rxf7 Be8 26. Rf8# 1-0

[Event "WY Girls-U14"]
[Site "Porto Carras GRE"]
[Date "2010.10.21"]
[Round "2.8"]
[White "Turk, Tajana"]
[Black "Nicolas Zapata, Irene"]
[Result "1/2-1/2"]
[WhiteElo "1772"]
[BlackElo "2027"]
[WhiteFideId "14500027"]
[BlackFideId "22247270"]
[EventDate "2010.10.20"]

1. d4 Nf6 2. c4 g6 3. Nc3 d5 4. cxd5 Nxd5 5. e4 Nxc3 6. bxc3 Bg7 7. Nf3 c5 8.
Be3 Qa5 9. Qd2 Nc6 10. Rc1 cxd4 11. cxd4 Qxd2+ 12. Kxd2 O-O 13. d5 Rd8 14. Ke1
Nb4 15. Bc4 Bb2 16. Rb1 Nc2+ 17. Ke2 Nxe3 18. Kxe3 Bg7 19. Rhd1 b6 20. Nd4 Bb7
21. Bb5 Rac8 22. Nc6 Bxc6 23. Bxc6 e6 24. f4 Bf8 25. a4 Rc7 26. Rbc1 Bc5+ 27.
Kf3 Kf8 28. g4 f6 29. Ke2 exd5 30. Bxd5 Ke7 31. f5 Rcc8 32. Rd3 Bd6 33. Rdc3
Rxc3 34. Rxc3 gxf5 35. gxf5 Bf4 36. h4 Rd7 37. Rc6 Rd6 38. Rc7+ Rd7 39. Rc6 Rd6
40. Rc7+ Rd7 41. Rc6 1/2-1/2

[Event "WY Girls-U14"]
[Site "Porto Carras GRE"]
[Date "2010.10.21"]
[Round "2.9"]
[White "Styazhkina, Anna"]
[Black "Kahramanova, Mohinur"]
[Result "0-1"]
[WhiteTitle "WFM"]
[WhiteElo "1974"]
[BlackElo "1811"]
[WhiteFideId "24119300"]
[BlackFideId "14201771"]
[EventDate "2010.10.20"]

1. e4 c5 2. Nc3 d6 3. g3 g6 4. Bg2 Bg7 5. d3 Nc6 6. f4 e6 7. Nf3 Nge7 8. O-O O-O
9. Be3 Rb8 10. Qd2 b5 11. a3 a5 12. d4 b4 13. axb4 cxd4 14. Nxd4 Nxd4 15. Bxd4
Bxd4+ 16. Qxd4 Rxb4 17. Qd2 Rxb2 18. Na4 Rb4 19. c3 Rc4 20. Rfd1 Rc6 21. Rab1
Qc7 22. Bf1 Ba6 23. Bxa6 Rxa6 24. Qe2 Rc6 25. Rd4 Rc8 26. Qb5 d5 27. e5 Nf5 28.
Rd2 Qa7+ 29. Kh1 Qe3 30. Rdb2 Qf3+ 31. Kg1 d4 32. Rf2 Qe3 33. Nb6 Rc5 34. Qf1
R8c7 35. Re1 Rxc3 36. Rxe3 Nxe3 0-1